| 000 | 01668nam a2200337 a 4500 | ||
|---|---|---|---|
| 001 | 00152 | ||
| 003 | DO-SdBNP | ||
| 005 | 20180314094915.0 | ||
| 007 | 00152 | ||
| 008 | 150130s2011 dr 2011 000 0 spa d | ||
| 020 | _a9789945173529 | ||
| 040 |
_aBPMSU _bspa _cBPMSU |
||
| 092 |
_a373.7 _bM425d 2do. 2011 |
||
| 245 | 0 | 0 |
_aMatemática 2 : _bnivel medio / |
| 260 |
_aSanto Domingo : _bSM, _c2011. |
||
| 300 |
_a328 p. : _bil., retrs. ; _c29 cm. |
||
| 490 | 1 | _aEducación en valores | |
| 505 | 1 |
_tUnidad 1 : Ecuaciones cuadráticas. Funciones de segundo grado -- _tUnidad 2 : Expresiones algebraicas irracionales -- _tUnidad 3 : Sistemas de ecuaciones lineales con dos variables -- _tUnidad 4 : Inecuaciones. Sistemas de inecuaciones lineales con dos variables -- _tUnidad 5 : Métodos de demostración -- _tUnidad 6 : Relación de congruencia. Triángulos y cuadriláteros -- _tUnidad 7 : Semejanza. Rectas y puntos notables del triangulo -- _tUnidad 8 : Transformaciones geométricas -- _tUnidad 9 : Vectores -- _tUnidad 10 : Matrices -- _tUnidad 11: Determinantes -- _tUnidad 12 : Probabilidad |
|
| 650 |
_aMATEMÁTICAS _xENSEÑANZA SECUNDARIA |
||
| 650 | 4 |
_aEDUCACIÓN SECUNDARIA _zREPÚBLICA DOMINICANA |
|
| 650 | 4 |
_aMATEMÁTICAS _xLIBROS DE TEXTOS |
|
| 650 | 4 |
_aMATEMÁTICAS _xESTUDIOS Y EJERCICIOS |
|
| 710 | _4Ediciones SM, (República Dominicana) | ||
| 830 | 0 | _aEducación en valores | |
| 910 | _aValidado. Control de calidad MFF | ||
| 942 |
_2ddc _cBK |
||
| 945 | _aRemanejado para la BNPHU, 2018 / BT | ||
| 956 |
_aYLOCKWARD _b10 _c20150710 _lBND01 _h1103 |
||
| 956 |
_aVMATEO _b10 _c20150722 _lBPMSU _h00151 |
||
| 956 |
_aBTAVÁREZ _b10 _c20160406 _lBPMSU _h152 |
||
| 999 |
_c9593 _d9593 |
||